[Event "II Int Open"]
[Site "Morelia MEX"]
[Date "2007.02.15"]
[Round "1"]
[White "Tiviakov,S"]
[Black "Rivera Rodriguez,J"]
[Result "1-0"]
[WhiteElo "2667"]
[BlackElo "2135"]
[EventDate "2007.02.15"]

1. e4 c5 2. c3 d5 3. exd5 Qxd5 4. d4 e6 5. Nf3 Nf6 6. Na3 a6 7. Nc4 Qd8 8.
Bg5 cxd4 9. Nxd4 Be7 10. Bd3 Nbd7 11. O-O O-O 12. Re1 Re8 13. Rxe6 Nc5 14.
Re1 Nxd3 15. Qxd3 b5 16. Bxf6 Bxf6 17. Nb6 Bxd4 18. Nxa8 Be6 19. Qxd4 Qxa8
20. Rad1 h6 21. a3 Rc8 22. Rd3 Bf5 23. Rg3 Be6 24. Rxe6 1-0

[Event "II Int Open"]
[Site "Morelia MEX"]
[Date "2007.02.15"]
[Round "1"]
[White "Cheparinov,I"]
[Black "Cataneo Esparza,R"]
[Result "1-0"]
[WhiteElo "2640"]
[BlackElo "2120"]
[EventDate "2007.02.15"]

1. e4 c5 2. Nf3 e6 3. d4 cxd4 4. Nxd4 a6 5. Bd3 Qc7 6. O-O Nc6 7. Nxc6 bxc6
8. c4 Nf6 9. Nc3 Be7 10. f4 d6 11. Qe2 e5 12. f5 h5 13. Be3 Ng4 14. Bd2 a5
15. Kh1 Qa7 16. Rac1 Ba6 17. Na4 Bd8 18. c5 Bxd3 19. Qxd3 dxc5 20. h3 Qe7
21. Rxc5 Ra7 22. Qg3 Bb6 23. Rxc6 Bf2 24. Rc8+ Kd7 25. Nb6+ Bxb6 26. Rxh8
Nf6 27. Bc3 Nxe4 28. Qd3+ Nd6 29. Rd1 e4 30. Qb5+ Kc7 31. Be5 1-0

[Event "II Int Open"]
[Site "Morelia MEX"]
[Date "2007.02.15"]
[Round "1"]
[White "Moreira Tinoco,M"]
[Black "Stellwagen,D"]
[Result "0-1"]
[WhiteElo "2112"]
[BlackElo "2585"]
[EventDate "2007.02.15"]

1. d4 Nf6 2. c4 g6 3. Nc3 Bg7 4. e4 d6 5. f3 O-O 6. Be3 c5 7. Nge2 Nc6 8.
Qd2 a6 9. dxc5 dxc5 10. Rd1 Nd7 11. Bh6 Bxh6 12. Qxh6 e6 13. h4 Qe7 14. h5
g5 15. f4 f6 16. Rh3 Nde5 17. fxe5 Nxe5 18. Nf4 gxf4 19. Qxf4 Bd7 20. g4
Qg7 21. h6 Qg5 22. Qxg5+ fxg5 23. Be2 Kf7 24. Rh5 Rg8 25. Kd2 Ke7 26. Rf1
Be8 27. Rh2 Bg6 28. Ke3 Rgd8 29. Rhh1 Rd4 30. b3 Rad8 31. Rd1 Be8 32. Na4
Bxa4 33. bxa4 0-1

[Event "II Int Open"]
[Site "Morelia MEX"]
[Date "2007.02.15"]
[Round "1"]
[White "Gonzalez Zamora,J"]
[Black "Alvarez,Mig MEX"]
[Result "1-0"]
[WhiteElo "2526"]
[BlackElo "2101"]
[EventDate "2007.02.15"]

1. d4 d5 2. Nf3 e6 3. c4 c5 4. cxd5 exd5 5. g3 Nc6 6. Bg2 Nf6 7. O-O Be7 8.
Nc3 O-O 9. b3 Ne4 10. Na4 b5 11. Nxc5 Nxc5 12. dxc5 Bf6 13. Bf4 Bxa1 14.
Qxa1 Re8 15. e3 Bf5 16. Nd4 Nxd4 17. Qxd4 Be4 18. f3 Bf5 19. Rd1 Qa5 20. g4
Bc2 21. Ra1 Qa3 22. h4 Rac8 23. Bd6 Re6 24. h5 h6 25. e4 dxe4 26. fxe4 f6
27. e5 fxe5 28. Qd5 Rce8 29. Qd2 e4 30. Qxc2 Qb4 31. Rd1 e3 32. Qe2 Rf6 33.
a3 Qa5 34. Bg3 Qc3 35. Qxb5 Rc8 36. Qc4+ Qxc4 37. bxc4 Rxc5 38. Bd5+ Kh8
39. Re1 Rb6 40. Rxe3 Rb1+ 41. Kg2 Rc8 42. Re7 Rb2+ 43. Kh3 Rb3 44. Kh4 Rf8
1-0

[Event "II Int Open"]
[Site "Morelia MEX"]
[Date "2007.02.15"]
[Round "1"]
[White "Altamirano Gonzalez,Y"]
[Black "Mitkov,N1"]
[Result "0-1"]
[WhiteElo "2101"]
[BlackElo "2551"]
[EventDate "2007.02.15"]

1. e4 e5 2. Nf3 Nc6 3. Bb5 Nf6 4. O-O Nxe4 5. d4 Nd6 6. Bxc6 dxc6 7. dxe5
Nf5 8. Qxd8+ Kxd8 9. Nc3 Bd7 10. Rd1 Kc8 11. b3 h6 12. Bb2 b6 13. Rd2 Ne7
14. Rad1 Bg4 15. h3 Bxf3 16. gxf3 Kb7 17. Ne2 h5 18. Rd8 Rc8 19. Ng3 h4 20.
Ne4 Rh5 21. R8d7 Kb8 22. f4 Rf5 23. Bc1 Ng6 24. Ng5 Be7 25. e6 Bxg5 26.
fxg5 Ne5 27. Re7 Rf8 28. f4 Ng6 29. Rxf7 R8xf7 30. exf7 Rxf7 31. Rd4 c5 32.
Re4 Ne7 33. Kg2 Nf5 34. Bb2 Kb7 35. Kf3 Nd6 36. Re6 c4 37. Kg4 cxb3 38.
cxb3 a5 39. Be5 Nf5 40. Bc3 Kc8 41. Re5 g6 42. Re6 Ne7 43. Be1 Kd7 44. Re4
Nf5 45. Bxh4 Re7 46. Rxe7+ Kxe7 47. Bf2 b5 48. h4 Ng7 49. Bd4 Kf7 50. Kf3
Nf5 51. Bf2 a4 52. bxa4 bxa4 53. Ke4 a3 54. Be1 0-1

[Event "II Int Open"]
[Site "Morelia MEX"]
[Date "2007.02.15"]
[Round "1"]
[White "Potkin,V"]
[Black "Baltazar,R"]
[Result "1-0"]
[WhiteElo "2580"]
[BlackElo "2110"]
[EventDate "2007.02.15"]

1. d4 Nf6 2. Nf3 g6 3. c4 Bg7 4. g3 d6 5. Bg2 Nbd7 6. O-O O-O 7. Qc2 e5 8.
Rd1 Qe7 9. Nc3 c6 10. e4 h6 11. h3 a6 12. Be3 Re8 13. d5 c5 14. Rab1 Nf8
15. b4 b6 16. Na4 N6d7 17. bxc5 bxc5 18. Nd2 Kh7 19. Nb3 Qd8 20. Bd2 a5 21.
Bc3 Nf6 22. Nd2 Ra6 23. Rb2 Re7 24. Rdb1 Rea7 25. Nb6 a4 26. Nxc8 Qxc8 27.
a3 g5 28. Nf1 Ng8 29. Ne3 Ne7 30. Bf3 Bf6 31. Rb8 Qc7 32. Rxf8 Kg7 33. Rfb8
1-0

[Event "II Int Open"]
[Site "Morelia MEX"]
[Date "2007.02.15"]
[Round "1"]
[White "Pellicer Covarrubias,D"]
[Black "Quezada,Y"]
[Result "0-1"]
[WhiteElo "2100"]
[BlackElo "2515"]
[EventDate "2007.02.15"]

1. e4 c5 2. Nf3 e6 3. d4 cxd4 4. Nxd4 Nc6 5. Nb5 d6 6. Bf4 e5 7. Be3 Nf6 8.
N5c3 Be6 9. Be2 h6 10. O-O Be7 11. Qd2 a6 12. a4 O-O 13. Rd1 Rc8 14. f3 Nb4
15. Na3 d5 16. exd5 Nfxd5 17. Nxd5 Nxd5 18. Bf2 Qc7 19. c3 Nf4 20. Bf1 Bb3
21. Re1 Bg5 22. Be3 Bxa4 23. Qf2 Bb3 24. g3 Ne6 25. Bb6 Qd6 26. Re4 Bd8 27.
Rb4 Bd5 28. Rd1 Qc6 29. Be3 Ba5 30. Rh4 Ng5 31. Bg2 Nxf3+ 32. Bxf3 Bxf3 33.
Rc4 Bxd1 34. Rxc6 Rxc6 35. Qf1 Bb3 36. Nb1 Rd8 37. Nd2 Bb6 38. Qe2 Bxe3+
39. Qxe3 Be6 40. Nf3 Bh3 41. Qxe5 Rd1+ 0-1

[Event "II Int Open"]
[Site "Morelia MEX"]
[Date "2007.02.15"]
[Round "1"]
[White "Martin del Campo,R"]
[Black "Knight,S"]
[Result "1-0"]
[WhiteElo "2455"]
[BlackElo "2097"]
[EventDate "2007.02.15"]

1. e4 b6 2. d4 Bb7 3. Nc3 e6 4. a3 Be7 5. Bd3 c5 6. Nf3 cxd4 7. Nxd4 Nc6 8.
Be3 Nf6 9. f4 d6 10. Qf3 Rc8 11. Qh3 Qc7 12. O-O-O Nxd4 13. Bxd4 e5 14. Be3
O-O 15. g4 Qd7 16. Nd5 Bxd5 17. exd5 e4 18. Ba6 Rc7 19. Rd4 Nxg4 20. Rxe4
Qf5 21. Bd3 Qxd5 22. Rd1 f5 23. Bc4 Rxc4 24. Rxd5 Rxe4 25. Bd2 Re2 26. Rxf5
Rxf5 27. Qxg4 Rxh2 28. Qxf5 Rh1+ 29. Be1 Rxe1+ 30. Kd2 Rb1 31. b4 h6 32.
Qd7 Kf7 33. Qxa7 g5 34. Qxb6 gxf4 35. Qd4 Ke8 36. Ke2 Rc1 37. Qe4 Kd7 38.
b5 Rb1 39. Qxf4 Bg5 40. Qc4 Rg1 41. Qc6+ 1-0

[Event "II Int Open"]
[Site "Morelia MEX"]
[Date "2007.02.15"]
[Round "1"]
[White "Aguirre Manzo,L"]
[Black "Norgaard,J"]
[Result "0-1"]
[WhiteElo "2094"]
[BlackElo "2434"]
[EventDate "2007.02.15"]

1. e4 e5 2. Nf3 Nc6 3. Bb5 a6 4. Ba4 Nf6 5. O-O Be7 6. Re1 b5 7. Bb3 d6 8.
c3 O-O 9. h3 Na5 10. Bc2 c5 11. d4 Qc7 12. Nbd2 Rd8 13. Nf1 cxd4 14. cxd4
d5 15. Nxe5 dxe4 16. Ng3 Bb7 17. Nf5 Nc4 18. Nxc4 bxc4 19. Bg5 h6 20. Bh4
Re8 21. Ba4 Red8 22. Bc2 Kf8 23. Qd2 a5 24. a3 Qd7 25. Nxe7 Qxe7 26. Rad1
g5 27. Bg3 Nh5 28. Bh2 f5 29. Be5 Nf6 30. Qe2 Bd5 31. Ba4 Nd7 32. Qh5 Ra6
33. Bc7 Rc8 34. Bb5 Bf7 35. Qe2 Ra7 36. Bh2 Nf6 37. Rc1 Qe6 38. Rc2 f4 39.
Rec1 Rac7 40. b3 c3 41. Bc4 Qd6 42. Rxc3 Qxd4 43. R3c2 Bxc4 44. bxc4 Qd3
45. Kf1 Qxa3 0-1

[Event "II Int Open"]
[Site "Morelia MEX"]
[Date "2007.02.15"]
[Round "1"]
[White "De la Paz,F"]
[Black "Colli Lopez,S"]
[Result "1-0"]
[WhiteElo "2433"]
[BlackElo "2080"]
[EventDate "2007.02.15"]

1. e4 Nf6 2. e5 Nd5 3. d4 d6 4. Nf3 Bg4 5. Be2 e6 6. h3 Bh5 7. O-O Be7 8.
c4 Nb6 9. Nc3 O-O 10. Be3 Nc6 11. exd6 cxd6 12. d5 Bxf3 13. Bxf3 Ne5 14.
dxe6 fxe6 15. Bxb7 Rb8 16. Ba6 Nbxc4 17. Bd4 Bf6 18. b3 Na3 19. Ne4 Qa5 20.
Nxf6+ Rxf6 21. Be2 Rf7 22. Bb2 Rd8 23. b4 1-0

[Event "II Int Open"]
[Site "Morelia MEX"]
[Date "2007.02.15"]
[Round "1"]
[White "Gonzalez Chavez,E"]
[Black "Leon Hoyos,M"]
[Result "0-1"]
[WhiteElo "2085"]
[BlackElo "2430"]
[EventDate "2007.02.15"]

1. e4 c5 2. Nf3 Nc6 3. d4 cxd4 4. Nxd4 g6 5. Nc3 Bg7 6. Be3 Nf6 7. Bc4 O-O
8. f3 Qb6 9. Qd2 Nxe4 10. Nxc6 Nxd2 11. Nxe7+ Kh8 12. Bxb6 Nxc4 13. Bf2
Nxb2 14. Ncd5 b6 15. O-O Bb7 16. Rfe1 Na4 17. Rad1 Rad8 18. Bg3 d6 19. Nc7
Rd7 20. Nb5 d5 21. Nxa7 Nc3 22. Rd2 Nxa2 23. c4 Nc3 24. cxd5 Nxd5 25. Nxd5
Bxd5 26. Nb5 Bc6 27. Rxd7 Bxd7 28. Nd6 Kg8 29. Re7 Be6 30. h3 Rd8 31. Kh1
Bf8 32. Re8 Rxe8 33. Nxe8 Ba3 34. Nf6+ Kg7 35. Be5 b5 36. Ne4+ Kf8 37. Nf2
Ke7 38. Nd1 Bc4 39. Nb2 Be2 40. f4 Ke6 41. g3 f5 42. Kg1 Bc5+ 43. Kg2 Kd5
44. Bf6 Bd4 45. Bxd4 Kxd4 46. Kf2 Kc3 0-1

[Event "II Int Open"]
[Site "Morelia MEX"]
[Date "2007.02.15"]
[Round "1"]
[White "Almeida Saenz,A"]
[Black "Ferriz Carrasquedo,A"]
[Result "1-0"]
[WhiteElo "2404"]
[BlackElo "2060"]
[EventDate "2007.02.15"]

1. d4 Nf6 2. Nf3 e6 3. g3 b6 4. Bg2 Ba6 5. O-O c6 6. Re1 Bd6 7. e4 Bc7 8.
e5 Nd5 9. Nbd2 b5 10. Ne4 O-O 11. Bg5 f6 12. exf6 gxf6 13. Bh6 f5 14. Nc5
Rf7 15. Ne5 Bxe5 16. dxe5 Qe7 17. Qd4 Bc8 18. a4 Nc7 19. axb5 Nxb5 20. Qe3
a6 21. Nd3 Nc7 22. Bg5 Qe8 23. Ra4 Nd5 24. Bxd5 cxd5 25. Rh4 d6 26. Rh6 1-0

[Event "II Int Open"]
[Site "Morelia MEX"]
[Date "2007.02.15"]
[Round "1"]
[White "Capo Vidal,U"]
[Black "Waldo Zalapa,A"]
[Result "1-0"]
[WhiteElo "2375"]
[BlackElo "2039"]
[EventDate "2007.02.15"]

1. d4 Nf6 2. c4 g6 3. Nc3 Bg7 4. e4 d6 5. f4 O-O 6. Nf3 c5 7. dxc5 dxc5 8.
Qxd8 Rxd8 9. e5 Ne8 10. Be3 b6 11. Be2 Bb7 12. Kf2 Nc6 13. Rhd1 Nc7 14. g4
Rxd1 15. Rxd1 Rd8 16. Rxd8+ Nxd8 17. a3 f6 18. b4 cxb4 19. axb4 fxe5 20.
Nxe5 Nf7 21. Nxf7 Kxf7 22. Na4 Bc6 23. b5 Bd7 24. Kf3 e5 25. Ke4 Bc8 26. c5
Be6 27. cxb6 Bd5+ 28. Kd3 axb6 29. Nxb6 Bb7 30. Kd2 exf4 31. Bxf4 Ne6 32.
Be3 Be5 33. h4 Bg3 34. h5 gxh5 35. gxh5 Ke7 36. Bd3 Nc7 37. Na4 Bf3 38. h6
Nd5 39. Bg5+ Kf7 40. Bxh7 Nc7 41. Bd3 Be5 42. Nc5 Nxb5 43. Bxb5 Kg6 44. Be3
Bd6 1-0

[Event "II Int Open"]
[Site "Morelia MEX"]
[Date "2007.02.15"]
[Round "1"]
[White "Solis Luna,J"]
[Black "Blanco Fernandez,A"]
[Result "0-1"]
[WhiteElo "2036"]
[BlackElo "2373"]
[EventDate "2007.02.15"]

1. e4 c5 2. Nf3 e6 3. d4 cxd4 4. Nxd4 Qb6 5. Nb3 a6 6. Bd3 d6 7. Nc3 Nf6 8.
O-O Be7 9. Qe2 Nbd7 10. Be3 Qc7 11. f4 b5 12. Rad1 Bb7 13. Bf2 O-O 14. Kh1
Rfe8 15. Bg3 b4 16. Nb1 g6 17. N1d2 Bf8 18. h3 Nh5 19. Bh2 Bg7 20. Rb1 a5
21. Nf3 e5 22. f5 d5 23. fxg6 hxg6 24. Ng5 Nf4 25. Qe3 f6 26. Nf3 a4 27.
Nbd2 Nc5 28. Nh4 Kf7 29. exd5 Ncxd3 30. cxd3 Bxd5 31. Bxf4 exf4 32. Qd4 Qb7
33. Nhf3 g5 34. Rfe1 Red8 35. Qf2 Bxa2 36. Rbc1 Rxd3 37. Qe2 Re3 38. Qf2
Rae8 39. Rxe3 fxe3 0-1

[Event "II Int Open"]
[Site "Morelia MEX"]
[Date "2007.02.16"]
[Round "2"]
[White "Lares,M"]
[Black "Tiviakov,S"]
[Result "0-1"]
[WhiteElo "2282"]
[BlackElo "2667"]
[EventDate "2007.02.15"]

1. e4 d5 2. exd5 Qxd5 3. d4 Nf6 4. c4 Qd8 5. b3 g6 6. Nf3 Bg7 7. Bb2 O-O 8.
Be2 c6 9. O-O Bf5 10. Nbd2 Ne4 11. Nxe4 Bxe4 12. Qd2 Nd7 13. Rad1 Qc7 14.
Bc3 Rfe8 15. Rfe1 a5 16. a3 a4 17. b4 Nb6 18. Qa2 Rad8 19. Nd2 Bf5 20. Nf1
Be6 21. Ba1 Rd7 22. Rd2 Red8 23. Red1 f5 24. Ne3 f4 25. Ng4 f3 26. gxf3 Qf4
27. Ne3 Bh3 28. Kh1 e6 29. Qb2 Qh4 30. Kg1 Rf8 31. Qc2 Bh6 32. d5 Bxe3 0-1

[Event "II Int Open"]
[Site "Morelia MEX"]
[Date "2007.02.16"]
[Round "2"]
[White "Milov,V"]
[Black "Ibarra Chami,L"]
[Result "1-0"]
[WhiteElo "2665"]
[BlackElo "2296"]
[EventDate "2007.02.15"]

1. d4 Nf6 2. c4 e6 3. Nc3 d5 4. cxd5 exd5 5. Bg5 Bb4 6. e3 Nbd7 7. Bd3 O-O
8. Nge2 Re8 9. O-O c6 10. Qc2 h6 11. Bh4 Bd6 12. Ng3 Qc7 13. f4 Rxe3 14.
Nf5 Bxf4 15. Nxe3 Bxe3+ 16. Kh1 Bxd4 17. Nb5 Qb6 18. Nxd4 Qxd4 19. Bf2 Qb4
20. Rae1 Qd6 21. Bg3 Qc5 22. Rxf6 gxf6 23. Qd2 Qf8 24. Bf4 1-0

[Event "II Int Open"]
[Site "Morelia MEX"]
[Date "2007.02.16"]
[Round "2"]
[White "Magana,F"]
[Black "Cheparinov,I"]
[Result "1/2-1/2"]
[WhiteElo "2271"]
[BlackElo "2640"]
[EventDate "2007.02.15"]

1. e4 c5 2. Nf3 d6 3. d4 cxd4 4. Nxd4 Nf6 5. Nc3 a6 6. Bg5 e6 7. f4 Qc7 8.
Qf3 b5 9. Bd3 Bb7 10. O-O-O Nbd7 11. a3 Qb6 12. Nb3 Rc8 13. Kb1 b4 14. axb4
Qxb4 15. Rhe1 Nc5 16. Nxc5 Rxc5 17. Na2 Qa4 18. Nc3 Rxc3 19. bxc3 Be7 20.
Kc1 O-O 21. Qe3 h6 22. Bh4 Rc8 23. Qd4 Qa5 24. Kd2 Qc7 25. Rb1 e5 26. Qb4
Ba8 27. Bxf6 Bxf6 28. Bxa6 Rd8 29. fxe5 dxe5+ 30. Ke2 Qd7 31. Bd3 Be7 32.
Qb6 Rc8 33. Qf2 Bc5 34. Qg3 Qe6 35. Rb5 Bd6 36. Ra1 Bc6 37. Rba5 g6 38. Qh3
Qe8 39. Qxh6 Bc7 40. Ra6 Bb5 41. R6a3 1/2-1/2

[Event "II Int Open"]
[Site "Morelia MEX"]
[Date "2007.02.16"]
[Round "2"]
[White "Stellwagen,D"]
[Black "Ramirez,J"]
[Result "1-0"]
[WhiteElo "2585"]
[BlackElo "2216"]
[EventDate "2007.02.15"]

1. e4 e6 2. d4 d5 3. Nc3 Bb4 4. e5 c5 5. a3 Bxc3+ 6. bxc3 Qa5 7. Bd2 Qa4 8.
Qg4 g6 9. Nf3 Nc6 10. Qf4 c4 11. Kd1 Bd7 12. Ng5 Nd8 13. h4 h6 14. Nh3 Nc6
15. g4 Nge7 16. Be2 O-O-O 17. Be3 Kb8 18. Kd2 Rh7 19. h5 gxh5 20. g5 Nf5
21. gxh6 Rxh6 22. Ng5 Rf8 23. Rxh5 Rxh5 24. Bxh5 Be8 25. Nh7 Rh8 26. Nf6
Nce7 27. Rh1 Rf8 28. Qg5 Bc6 29. Bg4 Qxa3 30. Rh7 a5 31. Qh5 Qa1 32. Rxf7
Rc8 33. Qh7 Qa3 34. Bg5 Rc7 35. Bxf5 exf5 36. Bf4 Ka7 37. e6 Ba4 38. Bxc7
Qb2 39. Rxe7 Qxc2+ 40. Ke3 Qxc3+ 41. Kf4 Qxd4+ 42. Kg5 Qxf2 43. Qh2 Qe3+
44. Bf4 1-0

[Event "II Int Open"]
[Site "Morelia MEX"]
[Date "2007.02.16"]
[Round "2"]
[White "Mitkov,N1"]
[Black "Garmendez Gonzalez,C"]
[Result "1-0"]
[WhiteElo "2551"]
[BlackElo "2202"]
[EventDate "2007.02.15"]

1. e4 d6 2. Nc3 g6 3. f4 Bg7 4. Nf3 Bg4 5. Bc4 e6 6. O-O c6 7. h3 Bxf3 8.
Qxf3 Nd7 9. a3 Ne7 10. d3 Qb6+ 11. Kh1 h5 12. Nd1 d5 13. Ba2 h4 14. Be3 Bd4
15. Bd2 Bg7 16. Rb1 Qc7 17. Ne3 O-O-O 18. Be1 f5 19. exd5 exd5 20. b4 Nf6
21. c4 dxc4 22. Nxc4 Nfd5 23. b5 Nc3 24. Bxc3 Bxc3 25. Rfc1 Bd4 26. bxc6
Nxc6 27. Ne5 Bxe5 28. Be6+ Rd7 29. fxe5 Rhd8 30. Bxd7+ Qxd7 31. d4 1-0

[Event "II Int Open"]
[Site "Morelia MEX"]
[Date "2007.02.16"]
[Round "2"]
[White "Martin del Campo,J"]
[Black "Gonzalez Zamora,J"]
[Result "0-1"]
[WhiteElo "2194"]
[BlackElo "2526"]
[EventDate "2007.02.15"]

1. e4 c5 2. Nf3 Nc6 3. d4 cxd4 4. Nxd4 Nf6 5. Nc3 d6 6. Bg5 e6 7. Qd2 a6 8.
O-O-O Bd7 9. f3 Be7 10. Kb1 b5 11. h4 h6 12. Be3 h5 13. Bg5 Ne5 14. f4 Neg4
15. e5 dxe5 16. fxe5 Nxe5 17. Qe1 Neg4 18. Nc6 Bxc6 19. Rxd8+ Rxd8 20. Rh3
O-O 21. Rd3 Rc8 22. a3 Rfe8 23. g3 b4 24. axb4 Bxb4 25. Bd2 Bc5 26. Bg5 Rb8
27. Be2 e5 28. Bxf6 Nxf6 29. Qd1 e4 30. Rd6 Bxd6 31. Qxd6 Bb5 32. Nxb5 axb5
33. Qc5 e3 34. c3 b4 35. cxb4 Rbc8 36. Qg5 Ne4 0-1

[Event "II Int Open"]
[Site "Morelia MEX"]
[Date "2007.02.16"]
[Round "2"]
[White "Norgaard,J"]
[Black "Zavalza,I"]
[Result "1-0"]
[WhiteElo "2434"]
[BlackElo "2190"]
[EventDate "2007.02.15"]

1. e4 c5 2. Nf3 Nc6 3. d4 cxd4 4. Nxd4 Nf6 5. Nc3 e5 6. Ndb5 d6 7. Bg5 a6
8. Na3 b5 9. Nd5 Be7 10. Bxf6 Bxf6 11. c3 O-O 12. Nc2 Bg5 13. a4 bxa4 14.
Rxa4 a5 15. Bc4 Rb8 16. b3 Kh8 17. O-O f5 18. f3 Ne7 19. b4 Nxd5 20. Bxd5
axb4 21. Rxb4 Ba6 22. Rxb8 Qxb8 23. c4 Bd8 24. Qa1 Qc8 25. Na3 Bb6+ 26. Kh1
Rf6 27. Nb5 f4 28. Qe1 Rh6 29. g4 Bxb5 30. cxb5 Qc2 31. h4 g6 32. g5 Rh5
33. Be6 Ba5 34. Qf2 Qxf2 35. Rxf2 Rxh4+ 36. Kg2 Rh5 37. Ra2 Rxg5+ 38. Kf1
Bb6 39. Ra8+ Kg7 40. Rb8 Rg1+ 41. Ke2 Bc5 42. b6 Rg2+ 43. Kd3 Bxb6 44. Rxb6
Rf2 45. Rxd6 Rxf3+ 46. Kc4 Re3 47. Kd5 f3 48. Kxe5 f2 49. Rd7+ Kh6 50. Rf7
Re2 51. Kd4 g5 52. Bf5 Rd2+ 53. Kc3 Rd3+ 54. Kc4 Rd7 55. Bxd7 1-0

[Event "II Int Open"]
[Site "Morelia MEX"]
[Date "2007.02.16"]
[Round "2"]
[White "Gutierrez Carmona,J"]
[Black "De la Paz,F"]
[Result "0-1"]
[WhiteElo "2171"]
[BlackElo "2433"]
[EventDate "2007.02.15"]

1. e4 e5 2. Nf3 Nc6 3. Nc3 Nf6 4. d4 exd4 5. Nxd4 Bb4 6. Nxc6 bxc6 7. Bd3
O-O 8. O-O d5 9. exd5 cxd5 10. Bg5 c6 11. Qf3 Rb8 12. a3 Bd6 13. Rab1 Re8
14. Ne2 Be5 15. b3 Qa5 16. a4 Ne4 17. Bxe4 dxe4 18. Qh5 Bf6 0-1

[Event "II Int Open"]
[Site "Morelia MEX"]
[Date "2007.02.16"]
[Round "2"]
[White "Leon Hoyos,M"]
[Black "Ancheyta,A"]
[Result "1-0"]
[WhiteElo "2430"]
[BlackElo "2175"]
[EventDate "2007.02.15"]

1. e4 c5 2. Nf3 d6 3. d4 cxd4 4. Nxd4 Nf6 5. Nc3 Nc6 6. Bg5 e6 7. Qd2 a6 8.
O-O-O Bd7 9. f4 b5 10. Nxc6 Bxc6 11. Qe3 Be7 12. Bxf6 Bxf6 13. e5 Be7 14.
exd6 Bxd6 15. Qd4 Bf8 16. Qe3 Qc7 17. f5 Bd6 18. Kb1 O-O-O 19. Bd3 exf5 20.
Bxf5+ Kb8 21. Be4 Rhe8 22. Qf3 Bxe4 23. Nxe4 Be5 24. h3 Qb7 25. Rhe1 Rxd1+
26. Qxd1 Bc7 27. Nc5 Rxe1 28. Qxe1 Qc6 29. Qf2 f6 30. Nd3 Bd6 31. a3 Bf8
32. Qd4 Kc7 33. Nf4 Bc5 34. Qd2 Kb6 35. Qd8+ Kb7 36. Qg8 g5 37. Nd3 h5 38.
Qh7+ Kb6 39. Qh8 Kb7 40. Qxh5 Bd4 41. Qf7+ Kc8 42. Nb4 Qb6 43. Qe8+ Kb7 44.
Qe4+ 1-0

[Event "II Int Open"]
[Site "Morelia MEX"]
[Date "2007.02.16"]
[Round "2"]
[White "Mora Fonz,D"]
[Black "Almeida Saenz,A"]
[Result "0-1"]
[WhiteElo "2163"]
[BlackElo "2404"]
[EventDate "2007.02.15"]

1. e4 c5 2. c3 d5 3. exd5 Qxd5 4. d4 Nf6 5. Nf3 g6 6. h3 Bg7 7. Be2 O-O 8.
O-O cxd4 9. cxd4 Nc6 10. Nc3 Qd6 11. Be3 Be6 12. Qd2 Rfd8 13. Rfd1 Bd5 14.
Bf4 Qb4 15. Ne5 Rac8 16. Rac1 a5 17. Nxd5 Nxd5 18. Nxc6 Rxc6 19. Qxb4 axb4
20. Rxc6 bxc6 21. Bg3 e6 22. Kf1 g5 23. h4 h6 24. hxg5 hxg5 25. Be5 Ne7 26.
Bxg7 Kxg7 27. Bf3 f5 28. g4 Kf6 29. Ke2 Rd6 30. Rd3 Ng6 31. Ke3 Nh4 32. Bh1
fxg4 33. Be4 Nf5+ 34. Bxf5 exf5 35. Rb3 f4+ 36. Kd3 c5 37. Kc4 Rxd4+ 38.
Kxc5 Rd2 39. Rxb4 Rxf2 0-1

[Event "II Int Open"]
[Site "Morelia MEX"]
[Date "2007.02.16"]
[Round "2"]
[White "Escobedo Tinajero,A"]
[Black "Falcon Perez,G"]
[Result "1-0"]
[WhiteElo "2385"]
[BlackElo "2169"]
[EventDate "2007.02.15"]

1. d4 f5 2. Nc3 Nf6 3. Bg5 e6 4. e4 fxe4 5. Nxe4 Be7 6. Bxf6 Bxf6 7. Nf3
O-O 8. Bd3 Nc6 9. c3 b6 10. h4 d5 11. Neg5 g6 12. Qc2 Qe7 13. O-O-O e5 14.
Rde1 e4 15. Qb3 Bxg5+ 16. Nxg5 Be6 17. Nxe6 Qxe6 18. Bxe4 Rad8 19. Bf3 Qf7
20. Qc2 Na5 21. h5 g5 22. Re5 h6 23. Qg6+ Qxg6 24. hxg6 Kg7 25. Bxd5 Rxf2
26. Be4 Rd7 27. Bf5 Rxf5 28. Rxf5 Kxg6 29. Re5 Rd6 30. Re7 c6 31. b3 c5 32.
dxc5 bxc5 33. Rxa7 Nc6 34. Ra6 h5 35. b4 1-0

[Event "II Int Open"]
[Site "Morelia MEX"]
[Date "2007.02.16"]
[Round "2"]
[White "Blanco Fernandez,A"]
[Black "Arreguin Hernandez,A"]
[Result "1/2-1/2"]
[WhiteElo "2373"]
[BlackElo "2150"]
[EventDate "2007.02.15"]

1. d4 d5 2. c4 e6 3. Nc3 Nf6 4. cxd5 exd5 5. Bg5 Nbd7 6. e3 Be7 7. Bd3 Nf8
8. Nf3 Ne6 9. Bh4 O-O 10. O-O c6 11. Ne5 g6 12. f4 Ng7 13. g4 Nxg4 14. Nxg4
Bxg4 15. Qxg4 Bxh4 16. f5 Qg5 17. Qxg5 Bxg5 18. Rae1 Rae8 19. Nd1 Nxf5 20.
Bxf5 gxf5 21. Rxf5 f6 22. Re2 Kf7 23. Rf3 Rg8 24. Kf1 Re4 25. Nf2 Re7 26.
e4 dxe4 27. Nxe4 Kg6 28. Nd6 Rxe2 29. Kxe2 Rd8 30. Nf5 Re8+ 31. Kd3 Re6 32.
Rf1 Bh6 33. Nh4+ Kf7 34. Nf5 Bf8 35. a3 a5 36. Ne3 b5 37. Nf5 c5 38. dxc5
Bxc5 39. Rc1 Re5 40. Ng3 f5 41. Rf1 Kg6 42. Ne2 Rd5+ 43. Kc3 Be3 44. Rf3
Bd2+ 45. Kc2 Bg5 46. Rd3 Rxd3 47. Kxd3 Bf6 48. b4 axb4 49. axb4 Kg5 50. Ke3
Be5 51. Kf3 h5 52. h3 Kf6 53. Ke3 Ke6 54. Kd3 Kd5 55. Ng1 Bd6 56. Nf3 Bxb4
57. Nd4 Ke5 58. Nc6+ Kf4 59. Nxb4 Kg3 60. Ke2 f4 61. h4 Kg2 62. Nd3 f3+ 63.
Ke3 Kg3 64. Nf4 b4 65. Nxh5+ Kxh4 66. Nf4 b3 67. Nd3 Kg3 68. Kd2 b2 69. Kc2
Kg2 70. Ne1+ Kf2 71. Nxf3 Kxf3 72. Kxb2 1/2-1/2

[Event "II Int Open"]
[Site "Morelia MEX"]
[Date "2007.02.16"]
[Round "3"]
[White "Potkin,V"]
[Black "Escobedo Tinajero,A"]
[Result "1-0"]
[WhiteElo "2580"]
[BlackElo "2385"]
[EventDate "2007.02.15"]

1. d4 d5 2. c4 e6 3. Nc3 Nf6 4. cxd5 exd5 5. Bg5 Be7 6. e3 O-O 7. Bd3 Nbd7
8. Nge2 Re8 9. O-O Nf8 10. b4 Ne6 11. Bh4 a6 12. Qb3 c6 13. Na4 Ne4 14.
Bxe7 Qxe7 15. Bxe4 dxe4 16. Nb6 Rb8 17. Rac1 Qh4 18. Ng3 Ng5 19. Nxc8 Rbxc8
20. d5 Rcd8 21. dxc6 bxc6 22. Rxc6 Re6 23. Rxe6 fxe6 24. Rd1 Rf8 25. Rd4
Kh8 26. Qd1 e5 27. Rd6 Nf7 28. Rxa6 Rd8 29. Qa4 1-0

[Event "II Int Open"]
[Site "Morelia MEX"]
[Date "2007.02.16"]
[Round "3"]
[White "Gonzalez Zamora,J"]
[Black "Dominguez Aguilar,G"]
[Result "1-0"]
[WhiteElo "2526"]
[BlackElo "2376"]
[EventDate "2007.02.15"]

1. e4 c5 2. Nf3 d6 3. d4 cxd4 4. Nxd4 Nf6 5. Nc3 a6 6. f4 e5 7. Nf3 Nbd7 8.
Bd3 b5 9. O-O Bb7 10. a3 Be7 11. Qe1 O-O 12. Kh1 Rc8 13. Bd2 Re8 14. Qf2
Rc7 15. Rae1 Bf8 16. h3 Nc5 17. b4 Ncd7 18. fxe5 Nxe5 19. Nxe5 Rxe5 20. Qd4
Nh5 21. Re3 Be7 22. Ref3 Bf6 23. Qb6 Qc8 24. Nd5 Bxd5 25. exd5 Rxd5 26. Qf2
Be5 27. Be3 Nf6 28. Qh4 Qe6 29. Bxh7+ Kf8 30. Bf5 Qe8 31. Qh8+ 1-0

[Event "II Int Open"]
[Site "Morelia MEX"]
[Date "2007.02.16"]
[Round "3"]
[White "Verduga,D"]
[Black "Quezada,Y"]
[Result "0-1"]
[WhiteElo "2356"]
[BlackElo "2515"]
[EventDate "2007.02.15"]

1. g3 e5 2. Bg2 Nf6 3. c4 Nc6 4. Nf3 Bc5 5. O-O d6 6. Nc3 a6 7. d3 h6 8. a3
O-O 9. b4 Ba7 10. Bb2 Rb8 11. Rc1 Be6 12. Nd2 Ne7 13. Qb3 c6 14. a4 b5 15.
Qa3 Qd7 16. Ra1 Bb6 17. axb5 axb5 18. Rfd1 d5 19. e3 Bg4 20. Nf3 Ng6 21.
cxd5 cxd5 22. d4 exd4 23. Nxd4 Ne5 24. Qb3 Bxd1 25. Rxd1 Nc4 26. Bc1 Bxd4
27. Rxd4 Ra8 28. Bb2 Qf5 29. h3 Rfd8 30. g4 Qg6 31. Kh2 Nxb2 32. Qxb2 Rac8
33. Qd2 Rc4 34. Nxb5 Rc2 35. Qe1 h5 36. gxh5 Qxh5 37. Nc3 Qe5+ 38. Kg1 Re8
39. Nb5 Ne4 40. f4 Qe6 41. Rxe4 Rxg2+ 42. Kxg2 Qxe4+ 43. Kf2 Ra8 44. Qd2
Qh1 45. Kg3 Qg1+ 46. Kh4 Ra6 0-1

[Event "II Int Open"]
[Site "Morelia MEX"]
[Date "2007.02.16"]
[Round "3"]
[White "Cheparinov,I"]
[Black "Rivera Huerta,A"]
[Result "1-0"]
[WhiteElo "2640"]
[BlackElo "2206"]
[EventDate "2007.02.15"]

1. e4 c5 2. Nf3 d6 3. d4 cxd4 4. Nxd4 Nf6 5. Nc3 a6 6. Be3 e6 7. g4 h6 8.
Bg2 e5 9. Nf5 g6 10. Qe2 gxf5 11. exf5 Rg8 12. h3 Qc7 13. f4 Bd7 14. O-O-O
Bc6 15. fxe5 dxe5 16. Bb6 Qxb6 17. Qxe5+ Be7 18. Rhe1 Kf8 19. Qxe7+ Kg7 20.
Re6 Nbd7 21. Rxd7 Nxd7 22. Rg6+ Kh8 23. Rxh6+ 1-0